000 00631nam a2200241Ia 4500
003 OSt
005 20221005093012.0
006 a|||||r|||| 00| 0
007 ta
008 221004b |||||||| |||| 00| 0 eng d
024 _a74964
037 _cTextual
040 _aCRL
_cCRL
_beng
041 _2eng
_aeng
082 _aO111,3N05,AL, J1
100 _aKoestler Arthur
245 0 _aAge of longing
260 _aNew York
_bThe Macmillan Company USA
_c1951
300 _a362p
_ccm.
650 _aENGLISH LITERATURE
942 _hO111,3N05,AL, J1
_cTEXL
_2cc
999 _c999702
_d999702